000 00287nam a22001337a 4500
008 170308b xxu||||| |||| 00| 0 eng d
020 _a0683016512
041 _aeng
080 _22ND
_a611
100 _a6
101 _aSHM
245 _aLYMPHATIC IMAGING
_cCLOUSE, M.E
942 _2udc
_cBK
999 _c7228
_d7228